| 000 | 00625nam a2200217Ia 4500 | ||
|---|---|---|---|
| 001 | 18434 | ||
| 003 | GE_BSU | ||
| 008 | 181216s||||||||xx |||||||||||||| ||und|| | ||
| 020 | _a978-1844452958 | ||
| 040 | _cGE_BSU | ||
| 080 | _a371 | ||
| 100 | _aGravells,Ann | ||
| 245 | _aDelivering Employability Skills in the Lifelong Learning Sector | ||
| 260 | _bLearnig Matters | ||
| 260 | _c2010 | ||
| 300 | _a117p;25cm | ||
| 653 | _aDelivering Employability Skills in the Lifelong Learning Sector | ||
| 653 | _aპედაგოგიკა | ||
| 653 | _aსწავლის სტანდარტები | ||
| 942 | _cBK | ||
| 999 |
_c51448 _d51448 |
||